| 000 | 00522nam a22001697a 4500 | ||
|---|---|---|---|
| 999 |
_c12062 _d12062 |
||
| 008 | 190115b ||||| |||| 00| 0 eng d | ||
| 020 | _a971-542-291-8 | ||
| 082 |
_22001 _aDFil 899.211 _bP53 |
||
| 245 |
_aKabunian and Lumawig (Igorot) / _cDamiana L. Eugenio |
||
| 260 |
_aQuezon City: _bUP Press, _c2001 |
||
| 300 |
_aPages 50-51; _c23 cm. |
||
| 500 | _aPhilippine Folk Literature | ||
| 650 |
_aMythology _934189 |
||
| 650 |
_aLegends _934190 |
||
| 650 |
_aPhilippine folk literature (English) _934191 |
||
| 942 |
_2ddc _cDFIL |
||